International Economics and Economic Policy (Record no. 5963)
[ view plain ]
| 000 -LEADER | |
|---|---|
| fixed length control field | 00537nas a22002177i 4500 |
| 001 - CONTROL NUMBER | |
| control field | 6378 |
| 003 - CONTROL NUMBER IDENTIFIER | |
| control field | OSt |
| 005 - DATE AND TIME OF LATEST TRANSACTION | |
| control field | 20170126082355.0 |
| 007 - PHYSICAL DESCRIPTION FIXED FIELD--GENERAL INFORMATION | |
| fixed length control field | tu |
| 008 - FIXED-LENGTH DATA ELEMENTS--GENERAL INFORMATION | |
| fixed length control field | 161220s xxu||||| |||| 00| 0 d |
| 022 ## - INTERNATIONAL STANDARD SERIAL NUMBER | |
| International Standard Serial Number | 1612-4804 |
| 024 7# - OTHER STANDARD IDENTIFIER | |
| Standard number or code | 6378 |
| Source of number or code | RID |
| 024 7# - OTHER STANDARD IDENTIFIER | |
| Standard number or code | 6378 |
| Source of number or code | RSN (alt) |
| 040 ## - CATALOGING SOURCE | |
| Transcribing agency | OSt |
| 100 1# - MAIN ENTRY--PERSONAL NAME | |
| Personal name | Welfens, Paul J.J. |
| Relator term | Ed. |
| 245 00 - TITLE STATEMENT | |
| Title | International Economics and Economic Policy |
| 260 ## - PUBLICATION, DISTRIBUTION, ETC. | |
| Place of publication, distribution, etc. | Berlin, Heidelberg : |
| Name of publisher, distributor, etc. | Springer. |
| 700 1# - ADDED ENTRY--PERSONAL NAME | |
| Personal name | Wolf, Holger C. |
| Relator term | Ed. |
| 700 1# - ADDED ENTRY--PERSONAL NAME | |
| Personal name | Wolters, Jürgen |
| Relator term | Ed. |
| 866 #0 - TEXTUAL HOLDINGS--BASIC BIBLIOGRAPHIC UNIT | |
| -- | 2004 1/1 - 2009 6/1 |
| 942 ## - ADDED ENTRY ELEMENTS (KOHA) | |
| Koha item type | Journal |
| Withdrawn status | Lost status | Damaged status | Not for loan | Home library | Current library | Shelving location | Date acquired | Inventory number | Total Checkouts | Barcode | Date last seen | Price effective from | Koha item type |
|---|---|---|---|---|---|---|---|---|---|---|---|---|---|
| WIIW | WIIW | Library | 01/01/2004 | 6378 | 10003273 | 01/26/2017 | 01/26/2017 | Journal |
